000 00356 a2200157 4500
001 159396
020 _a
040 _cMagnum
100 _aAbril
240 1 0 _aA revista do professor/nova escola
_lpor
245 1 0 _aA revista do professor/nova escola
362 0 _a1899
440 1 _aAbril
697 _aMAGNITO: MAGNITO SEM ÁREA E AS
942 _cBK
999 _c159396
_d159396